000 01805cam a2200493 a 4500
001 22010
003 VRT
005 20260317150354.0
008 240314s2012 xo g 000 f slo
015 _aSNBA2013
020 _a9788055131207
_q(viaz.)
035 _aC8DBA1A9-881C-4F46-BA3F-33C324EEA1DE
035 _aurn:nbn:sk:snk-amjm2d
035 _aurn:nbn:sk:snk-am001rqn
039 9 _a202403141133
_bVLOAD
_c202107132125
_dAUTHORITY
_c201508271450
_dVLOAD
_c201508271120
_dVLOAD
040 _aPPPK
_bslo
_cPPPK
_dSNK
_eAACR2
041 1 _aslo
_heng
044 _axo
_cSK
072 7 _a821.111(73)-3
_xAmerická próza
_2konspekt
080 _a821.111(73)-31
_22001
080 _a(0:82-312.4)
_22001
080 _a(0:82-312.5)
_22001
100 1 _aKate, Lauren,
_d1981-
_4aut
240 1 0 _aRapture.
_lSlovensky
245 1 0 _aPadlí anjeli
_nštvrtá časť
_pVykúpenie
_cLauren Kateová ; [z anglického originálu preložila Saskia Hudecová]
246 3 0 _aVykúpenie
260 _aBratislava
_bIkar
_c2012
300 _a294 s.
_c23 cm
655 7 _aamerické romány
_2SNKPH
655 7 _atrilery (romány)
_2SNKPH
655 7 _aľúbostné romány
_2SNKPH
655 7 _aAmerican fiction
_2SNKPHeng
655 7 _aThrillers (novels)
_2SNKPHeng
655 7 _aLove novels
_2SNKPHeng
700 1 _aHudecová, Saskia
_4trl
942 _2ddc
_cKLDO
_n0
949 _63869A13343
_abpksh821.111(73)-31
_bbpksh63140
949 _6270001000404553
_asvkbbB 45091-4
_bsvkbbm 732149
949 _617A1059375
_asnkSC 143726/4
_bsnk2012/25565
_o2581/2012
949 _617A1059374
_asnkSC 143726/4 D1
_bsnk2012/25566
_o2581/2012
949 _6273K0547975
_asvkpoB 87695
_bsvkpo552841
_rPoškodená
949 _62889192436
_asavukPV 17099
_bsavuk2012/4969
999 _c22010
_d22010